000 00531nam a2200157 4500
020 _a9789873001123
080 _a349.6 R 327
100 _aHutchinson, Tomas (dirtector)
245 _aRevista de Derecho Publico
_bderecho ambiental III
260 _aBuenos Aires
_bRubinzal Culzoni
_c2010
300 _a728 p.
490 _aderecho ambiental
_vIII 2010-1
650 _xderecho ambiental
_xderecho publico
_xareas protegidas
_xproteccion de la fauna
_xfaltas ambientales
_xurbanismo
_xresiduos
942 _6_
945 _asa
_d2014-11-17
999 _c2713
_d233217